00359nam a2200169Ia 4500008004100000041000800041100001300049245003000062250000800092260001900100300000800119365001200127500000900139520001200148650001000160999001900170230605s9999 xx 000 0 und d aeng aLilicrap aFood And Beverage service a7th bHodder Arnold  a493 b478h20 a1577 aGeneral aF. B. c418311d418311